000
00298nam a22001217a 4500
008
230620b xxu||||| |||| 00| 0 eng d
082
_a
323.14
_b
RIC
100
_c
Anthony H.Richmond
245
_a
The Colour Problem
260
_a
South Africa
_b
Pelican Book
_c
1955
300
_a
370p
942
_2
ddc
_c
BK
999
_c
1807
_d
1807